01776cam a2200349 i 450000100090000000300090000900500170001800800410003502000300007604000330010608200190013910000260015824500740018425000120025826400570027030000530032733600260038033700280040633800270043452006030046165000300106465000260109465000350112065000370115565100100119265300220120265500170122470000270124194200120126899900170128095201290129719076323EG-ScBUE20230313114001.0160415s2016 nyua f 000 0 eng d a9780316318587 (hardcover) aDLCbengerdacDLCdEG-ScBUE04a792.8bBRO2221 aBrowar, Ken,eauthor.14aThe art of movement /cKen Browar and Deborah Ory, NYC Dance Project. a1st ed. aNew York :bBlack Dog & Leventhal Publishers,c2016. avolume :billustrations (chiefly color) ;c33 cm 2rdacontentatextbtxt 2rdamediaaunmediatedbn 2rdacarrieravolumebnc a"A collection of photographs by Ken Browar and Deborah Ory that capture the movement, flow, energy, and grace of many of the most accomplished dancers in the world. Featured are more than 70 dancers from companies including American Ballet Theatre, New York City Ballet, Alvin Ailey American Dance Theater, Martha Graham Dance Company, Boston Ballet, Royal Danish Ballet, The Royal Ballet, and many more. Accompanying the photographs are intimate and inspiring words from the dancers, as well as from choreographers and artistic directors, on what dance means to them"--From publisher description". 7aDance photography.2BUEsh 7aArt and dance.2BUEsh 7aDancevPictorial works.2BUEsh 7aDancersvPictorial works.2BUEsh 2BUEsh bCOMAMEcApril2018 vReading book1 aOry, Deborah,eauthor. 2ddccBB c26439d26411 00102ddc40708BaccahaMAINbMAINc2NDd2018-04-01ePurchasel0o792.8 BROp000043122r2025-07-15 00:00:00w2018-04-01yBB